00502cam a2200193 a 4500001000800000005001700008008004100025010001700066020003800083040001800121041000800139043001200147080002000159082002400179100000700203101000800210245006000218504003000278473156120180201042419.0840130s1984 njuab b 001 0 eng  a 84002152  a0691094055 (alk. paper) :c$40.00 aDLCcDLCdDLC aeng ae-uk--- a304.6320941 TEI00a304.6320941 TEI2191 a19 aPOL14aThe British fertility decline :cMichael S. Teitelbaum. aBibliography: p. 246-261.